Statistiques concernant Culture Générale #2

Cliquez ici pour prendre le quiz!

Statistiques générales

  • Ce quiz a été pris 102 fois
  • Le résultat moyen est 5 sur 15

Statistiques - réponses

HintRéponse% Correct
Combien de lunes possède la planète Mars ?2
77%
En quelle année le droit de vote a-t-il été accordé aux femmes en France ?1944
71%
Combien y a-t-il de personnages sur le tableau de Léonard de Vinci "La Cène" ?13
62%
Combien de grands lacs compte le continent nord américain ?5
59%
Dans quelle pièce de Shakespeare peut-on lire la fameuse phrase "To be, or not to be" ?Hamlet
56%
Dans quel plage horaire (UTC+) la Corée du Sud se trouve elle ?9
43%
À quel épisode biblique l'adjectif "diluvien" se rapporte-t-il ?Le Déluge
40%
Sous quel nom sont plus connues les matriochkas ?Les poupées russes
37%
Quels insectes à la taille fine ont donné leur nom au titre d'une pièce d'Aristophane ?Les guêpes
21%
En danois, que signifie Groenland?Terre verte
17%
En quelle année le dernier cas de Variole (Cowpox) a-t-il été déclaré dans le monde ?1977
12%
Quel est le contraire d'une mydriase ?Myosis
8%
Sous quel autre nom la plante "Oreille-de-souris" est-elle connue ?Myosotis
8%
Quelle unité de mesure est la contraction de "parallaxe par seconde"Parsec
6%
En géométrie, comment nomme-t-on le chemin le plus court, ou l'un des chemins s'il en existe plusieurs, entre deux points d'un espace ?Une Géodésique
0%

Distribution des résultats

Percentile par nombre de réponses

% des personnes avec chaque résultat

Votre développement - résultats

Vous n’avez pas pris ce quiz